| 000 | 00465nam a22001697a 4500 | ||
|---|---|---|---|
| 003 | NUST - PNEC | ||
| 005 | 20170116180939.0 | ||
| 008 | 150907b xxu||||| |||| 00| 0 eng d | ||
| 020 | _a0442260504 | ||
| 040 | _cLIBRARY | ||
| 082 | _a621.380414 LIN | ||
| 100 |
_98662 _aLin, Chinlon |
||
| 245 |
_a Optoelectronic technology and lightwave communications systems _cChinlon Lin |
||
| 260 | _cc.1989 | ||
| 650 |
_98661 _aOptical communications _xEL |
||
| 942 |
_2ddc _cBK |
||
| 999 |
_c66123 _d66123 |
||